000
00330nam a2200169Ia 4500
100
_a
Akerkar/Rajendra
650
_a
Big data
942
_c
RB
366
_f
25
654
_a
big data computing
245
_a
Big Data computing
260
_b
CRC
_c
2014
082
_b
AKE
300
_a
542
546
_a
ENGLISH
999
_c
33581
_d
33581